Economía y medio ambiente / (Registro nro. 15552)

Detalles MARC
000 -LEADER
fixed length control field 02343nam a22003017a 4500
003 - CONTROL NUMBER IDENTIFIER
control field OSt
005 - DATE AND TIME OF LATEST TRANSACTION
control field 20210527143712.0
008 - FIXED-LENGTH DATA ELEMENTS--GENERAL INFORMATION
fixed length control field 210527s1996 ck ad||fr|||| 001 0 spa d
020 ## - INTERNATIONAL STANDARD BOOK NUMBER
International Standard Book Number 9586005364
Qualifying information v.1
020 ## - INTERNATIONAL STANDARD BOOK NUMBER
International Standard Book Number 9586005372
Qualifying information v.2
020 ## - INTERNATIONAL STANDARD BOOK NUMBER
International Standard Book Number 9586005380
Qualifying information v.3
040 ## - CATALOGING SOURCE
Original cataloging agency CO-JMCR
Transcribing agency CO-JMCR
041 1# - LANGUAGE CODE
Language code of text/sound track or separate title spa
Language code of original eng
082 04 - DEWEY DECIMAL CLASSIFICATION NUMBER
Classification number 333.7 /
Item number F453e
Edition number 23
100 1# - MAIN ENTRY--PERSONAL NAME
Personal name Field, Barry C.,
Relator term autor
9 (RLIN) 37986
245 10 - TITLE STATEMENT
Title Economía y medio ambiente /
Statement of responsibility, etc. Barry C. Field ; traducción, Leonardo Cano ; revisión técnica, Juan Camilo Cárdenas
260 ## - PUBLICATION, DISTRIBUTION, ETC.
Place of publication, distribution, etc. Bogotá :
Name of publisher, distributor, etc. McGraw-Hill,
Date of publication, distribution, etc. 1996
300 ## - PHYSICAL DESCRIPTION
Extent 3 volúmenes :
Other physical details ilustraciones y gráficas a blanco y negro ;
Dimensions 24 cm.
500 ## - GENERAL NOTE
General note Incluye notas a pie de página e índice de nombres y materias.<br/>Título original: Enviromental economics
504 ## - BIBLIOGRAPHY, ETC. NOTE
Bibliography, etc. note Bibliografía al final de cada capítulo.
505 3# - FORMATTED CONTENTS NOTE
Formatted contents note Una gran cantidad de actividades humanas, tanto en el campo de la producción y distribución de bienes y servicios como en el de su consumo, afectan de una u otra forma al medio ambiente. La creciente sostenibilidad social al respecto ha obligado a considerar estos impactos, incorporándolos en el proceso de toma de decisiones con respecto a la inversión (pública o privada), los patrones de distribución y consumo, etc. La evaluación de impacto ambiental y, en términos generales, el análisis costo beneficio, constituirán el marco adecuado para incorporar esta información. Para ello se requiere, sin embargo, conocer cómo afectan las decisiones analizadas a la calidad del medio ambiente (su capacidad para desarrollar las funciones que le son propias) y valorar económicamente este impacto.<br/>La utilización de un enfoque económico al análisis ambiental y de los recursos naturales ha progresado tanto en los últimos años, que los pocos textos disponibles en español no incluyen muchos de los avances recientes, principalmente en el uso de mecanismos e incentivos económicos descentralizados para enfrentar problemas ambientales. Esta obra responde a algunos de estos problemas en diferentes sentidos.
546 ## - LANGUAGE NOTE
Language note Traducido del inglés.
650 14 - SUBJECT ADDED ENTRY--TOPICAL TERM
Topical term or geographic name entry element Economía ambiental
9 (RLIN) 12927
650 24 - SUBJECT ADDED ENTRY--TOPICAL TERM
Topical term or geographic name entry element Desarrollo sostenible
9 (RLIN) 37987
700 1# - ADDED ENTRY--PERSONAL NAME
Personal name Cano, Leonardo,
Relator term traductor
9 (RLIN) 37988
700 1# - ADDED ENTRY--PERSONAL NAME
Personal name Cárdenas, Juan Camilo,
Relator term revisor
9 (RLIN) 15690
942 ## - ADDED ENTRY ELEMENTS (KOHA)
Source of classification or shelving scheme Dewey Decimal Classification
Koha item type Books
Existencias
Withdrawn status Lost status Source of classification or shelving scheme Damaged status Not for loan Collection code Home library Current library Date acquired Source of acquisition Total Checkouts Full call number Barcode Date last seen Copy number Price effective from Koha item type
    Dewey Decimal Classification     Non-fiction Biblioteca Pública José María del Castillo y Rada Biblioteca Pública José María del Castillo y Rada 04/15/2018 Donación   333.7 / F453e 430003620 05/16/2024 V.1 / Ej.1 05/27/2021 Books
    Dewey Decimal Classification     Non-fiction Biblioteca Pública José María del Castillo y Rada Biblioteca Pública José María del Castillo y Rada 04/15/2018 Donación   333.7 / F453e 430003593 05/16/2024 V.2 / Ej.1 05/27/2021 Books
    Dewey Decimal Classification     Non-fiction Biblioteca Pública José María del Castillo y Rada Biblioteca Pública José María del Castillo y Rada 04/15/2018 Donación   333.7 / F453e 430003594 05/16/2024 V.3 / Ej.1 05/27/2021 Books